000 00322nam a2200145Ia 4500
100 _aBhabre Santosh
650 _aGeneral
942 _cRB
654 _aVyavasahik Screen Printing
245 _aVyavasahik Screen Printing
260 _bAdorn Pub.
_aThane
_c1988
082 _a686.2
300 _a184
546 _aENGLISH
999 _c25772
_d25772